LEADER 01161nam a2200253 u 4500 001 000000144142 003 CaOOAMICUS 005 20150616115650.0 008 150616s1990 it u000 u ita u 040 $aPUL$bita 100 1 $aSuchecki, Zbigniew,$cO.F.M. Conv.$0(OLS)http://pul/name/5270 245 13$aLa cremazione dei cadaveri nel diritto canonico /$cZbigniew Suchecki. 260 $aRoma :$bPontificia Università Lateranense,$c1990. 300 $axl, 197 p.$c24 cm 502 $aTesi di Dottorato in diritto canonico -- Pontificia Università Lateranense, 1990. 504 $aBbibliografia: p. [xi]-xl. 650 4$aCremazione$xDiritto Canonico.$0(OLS)http://pul/subject/41861 710 2 $aPontificia Università Lateranense.$bFacoltà di diritto canonico.$kTesi.$0(OLS)http://pul/name/81682 850 $aPUL 852 $aPUL$W1$xDP1 Tesi Pon Univ. Lateranense$y41$mTH PUL 1609$j166205$qTesi$B166762$CPULBib$Z2$F166762 $82 941 1 $a16 996 $6245$aLa cremazione dei cadaveri nel diritto canonico$9(OLS)http://pul/title/182366 996 $6260$aRoma :$bPontificia Università Lateranense$9(OLS)http://pul/publisher/47963 LEADER 01474nam a2200325 u 4500 001 000000075242 003 CaOOAMICUS 005 20070226123059.0 008 030512s2003 it u000 u ita u 020 $a8831131699 035 $a10961326 040 $aIPA$bita 041 1 $aita$hlat 100 0 $aHilarius,$cs., vesc. di Poitiers,$dc. 315-367.$0(OLS)http://pul/name/6908 240 10$aContra Arianos$9(Hilarius, s., vesc. di Poitiers, c. 315-367).$lItaliano.$0(OLS)http://pul/title/98692 245 10$aContro Aussenzio /$cIlario di Poitiers ; introduzione, traduzione e note a cura di Luigi Longobardo. 260 $aRoma :$bCittà Nuova,$c2003. 300 $a70 p. ;$c21 cm 490 1 $aCollana di testi patristici ;$v169 500 $aComprende riferimenti bibliografici (p. 33-35) e indice. 650 4$aArianesimo$xStoria$xFonti.$0(OLS)http://pul/subject/26251 700 1 $aLongobardo, Luigi,$d1951-$0(OLS)http://pul/name/374 830 0$aCollana di testi patristici ;$v169.$0(OLS)http://pul/title/17027 850 $aPUL 852 $aPUL$W1$xSL Cons. Gen., Altre Classi 1$y1$m2000 E 169$j96872$nBK-PRI$b $qStampati$B96872$CPULBib$Z2$F96872 $HPUL100493 $81 900 $aIlario di Poitiers,$cs.,$dc. 315-367$96908 941 1 $a8 996 $6020$a8831131699$9(OLS)http://pul/number/98032 996 $6245$aContro Aussenzio$9(OLS)http://pul/title/98693 996 $6260$aRoma :$bCittà Nuova$9(OLS)http://pul/publisher/47927